|
|
|
|
| LEADER |
01362nam a2200337 a 4500 |
| 001 |
38092 |
| 003 |
BD-DhAAL |
| 005 |
20220313120651.0 |
| 008 |
220313t1996 nyu b 000 0 eng |
| 999 |
|
|
|c 43750
|d 43750
|
| 010 |
|
|
|a 95047244
|
| 020 |
|
|
|a 0195086147 (cloth)
|
| 020 |
|
|
|a 0195086155 (paper)
|
| 040 |
|
|
|a DLC
|c DLC
|d DLC
|d BD-DhAAL
|
| 050 |
0 |
0 |
|a PR2349.S74
|b A6 1996
|
| 082 |
0 |
0 |
|a 821.3
|2 23
|
| 100 |
1 |
|
|a Speght, Rachel.
|9 46819
|
| 245 |
1 |
4 |
|a The polemics and poems of Rachel Speght /
|c edited by Barbara Kiefer Lewalski.
|
| 260 |
|
|
|a New York :
|b Oxford University Press,
|c 1996.
|
| 300 |
|
|
|a xxxvi, 107 pages ;
|c 21 cm.
|
| 490 |
|
|
|a Women writers in English 1350-1850
|
| 504 |
|
|
|a Includes bibliographical references.
|
| 541 |
|
|
|a Donated by Akbar Ali Khan
|e 38092
|
| 650 |
|
0 |
|a Women
|x Poetry.
|9 46820
|
| 650 |
|
0 |
|a Feminism
|z England
|x History
|y 17th century
|x Sources.
|9 46821
|
| 700 |
1 |
|
|a Lewalski, Barbara Kiefer,
|d 1931-
|9 46822
|
| 830 |
|
|
|a Women writers in English 1350-1850
|9 46823
|
| 852 |
|
|
|a Ayesha Abed Library
|c Akbar Ali Khan Collection
|
| 856 |
4 |
2 |
|3 Publisher description
|u http://www.loc.gov/catdir/enhancements/fy0603/95047244-d.html
|
| 942 |
|
|
|2 ddc
|c BK
|
| 952 |
|
|
|0 0
|1 0
|2 ddc
|4 0
|6 821_300000000000000_SPE
|7 1
|9 70103
|a BRACUL
|b BRACUL
|c AAKC
|d 2022-03-13
|e Donated by Akbar Ali Khan
|l 0
|o 821.3 SPE
|p 3010038092
|r 2022-03-13
|t 1
|w 2022-03-13
|y BK
|